UBT Library

Clinical social work in health settings : (Record no. 39771)

000 -LEADER
fixed length control field 00734cam a2200241 a 4500
001 - CONTROL NUMBER
control field 1423356
005 - DATE AND TIME OF LATEST TRANSACTION
control field 20180104085625.0
008 - FIXED-LENGTH DATA ELEMENTS--GENERAL INFORMATION
fixed length control field 840213s1984 nyu b 001 0 eng
010 ## - LIBRARY OF CONGRESS CONTROL NUMBER
LC control number 84003914
020 ## - INTERNATIONAL STANDARD BOOK NUMBER
International Standard Book Number 0826144004
040 ## - CATALOGING SOURCE
Original cataloging agency DLC
Transcribing agency DLC
Modifying agency DLC
-- OCoLC
041 ## - LANGUAGE CODE
Language code of text/sound track or separate title eng
043 ## - GEOGRAPHIC AREA CODE
Geographic area code n-us---
060 ## - NATIONAL LIBRARY OF MEDICINE CALL NUMBER
Classification number W 322 C285c
080 ## - UNIVERSAL DECIMAL CLASSIFICATION NUMBER
Universal Decimal Classification number 362.1
082 00 - DEWEY DECIMAL CLASSIFICATION NUMBER
Classification number 362.1 CAR
Edition number 19
100 1# - Rafti
Rafti 50
101 ## - Shkurtesa
Shkurtesa SOC
245 10 - TITLE STATEMENT
Title Clinical social work in health settings :
Statement of responsibility, etc Thomas Owen Carlton with contributors ; foreword by Hans S. Falck.
504 ## - BIBLIOGRAPHY, ETC. NOTE
Bibliography, etc Includes bibliographical references and index.
906 ## - LOCAL DATA ELEMENT F, LDF (RLIN)
a 7
b cbc
c orignew
d 1
e ocip
f 19
g y-gencatlg
942 ## - ADDED ENTRY ELEMENTS (KOHA)
Source of classification or shelving scheme
Item type Books
Holdings
Withdrawn status Lost status Source of classification or shelving scheme Damaged status Not for loan Collection code Permanent location Current location Shelving location Date acquired Total Checkouts Full call number Barcode Date last seen Price effective from Koha item type
          Koleksioni i përgjithshem UBT - Lipjan UBT - Lipjan Koleksioni i lëndeve mesimore 01/04/2018   362.1 CAR 002-2994336 01/04/2018 01/04/2018 Books
UBT Library © 2015-2024. All rights reserved University Education for Business and Technology